000 00743nam a22002177a 4500
999 _c20905
_d20905
003 AR-CdUCM
008 190402b ||||| |||| 00| 0 spa d
040 _aMUNICIPALIDAD PROVINCIAL DEL CUSCO
_cBIBLIOTECA MUNICIPAL DEL CUSCO
082 _aEP / 372.64 /
_bR25
110 _aMosaico de colores
_943560
245 _aLa ratita presumida :
_bAladino
260 _bVasco Americana,
_aEspaƱa :
_c1963.
300 _bIlustraciones,
_c34 cm.
440 _aColeccion Mosaico de colores
_943627
505 _aContenido : La ratita presumida -- Aladino y la lampara maravillosa.
650 _a Literatura infantil
_9588
650 _aCuentos.
_9217
700 _aMartinez Koch, Santos (ilustración)
_943620
942 _2ddc
_cLIBROS
945 _arcc